Es el hombre dueño o víctima de su destino / (Record no. 129583)

MARC details
000 -LEADER
campo de control de longitud fija 00738nam a2200217 i 4500
001 - NÚMERO DE CONTROL
campo de control 129583
003 - IDENTIFICADOR DE NÚMERO DE CONTROL
campo de control ES-MaACL
005 - FECHA Y HORA DE LA ÚLTIMA TRANSACCIÓN
campo de control 20250814052654.0
007 - CAMPO FIJO DE DESCRIPCIÓN FÍSICA--INFORMACIÓN GENERAL
campo de control de longitud fija t|
008 - DATOS DE LONGITUD FIJA--INFORMACIÓN GENERAL
campo de control de longitud fija 070626s1959 sp ||||1| spa d
080 ## - NÚMERO DE LA CLASIFICACIÓN DECIMAL UNIVERSAL
Número de la Clasificación Decimal Universal 159.961
100 1# - ENTRADA PRINCIPAL--NOMBRE DE PERSONA
Nombre de persona Thivollier, Pierre.
9 (RLIN) 109978
245 10 - MENCIÓN DEL TÍTULO
Título Es el hombre dueño o víctima de su destino /
Mención de responsabilidad, etc. P. Thivollier ; en colaboración con R. Duval Bresson ; versión española revisada por Cipriano Montserrat.
260 ## - PUBLICACIÓN, DISTRIBUCIÓN, ETC.
Lugar de publicación, distribución, etc. Barcelona :
Nombre del editor, distribuidor, etc. Subirana,
Fecha de publicación, distribución, etc. [1959]
300 ## - DESCRIPCIÓN FÍSICA
Extensión 246 p. :
Otras características físicas il. ;
Dimensiones 19 cm.
650 17 - PUNTO DE ACCESO ADICIONAL DE MATERIA--TÉRMINO DE MATERIA
Término de materia o nombre geográfico como elemento de entrada Parapsicología
Fuente del encabezamiento o término embne
9 (RLIN) 15827
700 1# - ENTRADA AGREGADA--NOMBRE PERSONAL
Nombre de persona Duval Bresson, Roger.
9 (RLIN) 46380
700 1# - ENTRADA AGREGADA--NOMBRE PERSONAL
Nombre de persona Montserrat, Cipriano.
9 (RLIN) 82736
852 ## - LOCALIZACIÓN
Ubicación ES-MaACL
Número de control de estantería C-17270
Sublocalización o colección R.44917
Holdings
Estatus retirado Estado de pérdida Estado de daño No para préstamo Biblioteca de origen Biblioteca actual Ubicación en estantería Fecha de adquisición Fuente de adquisición Total de préstamos Signatura topográfica completa Código de barras Visto por última vez Precio de reemplazo Tipo de ítem Koha
        Biblioteca del Ateneo de Madrid Biblioteca del Ateneo de Madrid Galería 17/01/2008     C-17270 1134937 23/02/2023 23/02/2023 Libro impreso